00449nam a2200145Ia 4500008004100000245007200041260001700113260000900130300000800139650002300147650001200170856002900182999001900211952007300230170516s9999 xx 000 0 und d aNanoparticles for Radiation Therapy Enhancement: the Key Parameters bTheranostics c2015 a5:9 xMedical Technology xMedtech uhttp://www.thno.org/v5i9 c330547d330547 001040aCLbCLd2017-05-16l0r2017-05-16 00:00:00w2017-05-16yFOJ